| 000 | 00376nam a2200145Ia 4500 | ||
|---|---|---|---|
| 008 | 230917s9999||||xx |||||||||||||| ||und|| | ||
| 040 |
_e80324 _aMAIN |
||
| 041 | _aEnglish | ||
| 082 | _a342.0262 B155C | ||
| 100 | _aBailey, S H | ||
| 245 | 0 | _aCases and materials in administrative law | |
| 260 |
_aLondon _bSweet & Maxwell _c1977 |
||
| 300 | _axxxviii, 634 p. | ||
| 942 | _cBK | ||
| 999 |
_c191093 _d191093 |
||